<?xml version="1.0" encoding="UTF-8"?>
<record
    xmlns:xsi="http://www.w3.org/2001/XMLSchema-instance"
    xsi:schemaLocation="http://www.loc.gov/MARC21/slim http://www.loc.gov/standards/marcxml/schema/MARC21slim.xsd"
    xmlns="http://www.loc.gov/MARC21/slim">

  <leader>00797nam a2200241 a 4500</leader>
  <controlfield tag="003">DO-SdBNP</controlfield>
  <controlfield tag="005">20220207092012.0</controlfield>
  <controlfield tag="007">ta</controlfield>
  <controlfield tag="008">220131e2019    dr ao||gr|||| 001 e spa d</controlfield>
  <datafield tag="020" ind1=" " ind2=" ">
    <subfield code="a">9789945614671</subfield>
  </datafield>
  <datafield tag="040" ind1=" " ind2=" ">
    <subfield code="a">DO-SdBNP</subfield>
    <subfield code="b">spa</subfield>
    <subfield code="c">BNPHU</subfield>
  </datafield>
  <datafield tag="082" ind1=" " ind2="4">
    <subfield code="2">22</subfield>
    <subfield code="b">C117H</subfield>
  </datafield>
  <datafield tag="245" ind1="1" ind2="0">
    <subfield code="a">Jos&#xE9; Hazim Azar en el coraz&#xF3;n de todos /</subfield>
    <subfield code="c">Enrique Alberto Cabrera V&#xE1;squez</subfield>
  </datafield>
  <datafield tag="260" ind1=" " ind2=" ">
    <subfield code="a">Santo Domingo :</subfield>
    <subfield code="b">Santuario,</subfield>
    <subfield code="c">2019</subfield>
  </datafield>
  <datafield tag="300" ind1=" " ind2=" ">
    <subfield code="a">160 p. :</subfield>
    <subfield code="b">il., fotogr., mapa, retr. ;</subfield>
    <subfield code="c">23 cm</subfield>
  </datafield>
  <datafield tag="500" ind1=" " ind2=" ">
    <subfield code="a">Incluye datos biogr&#xE1;ficos del autor  en la solapa de la portada.</subfield>
  </datafield>
  <datafield tag="504" ind1=" " ind2=" ">
    <subfield code="a">Bibliograf&#xED;a: p. 159</subfield>
  </datafield>
  <datafield tag="590" ind1=" " ind2=" ">
    <subfield code="a">Inventariado 2022 / MF</subfield>
  </datafield>
  <datafield tag="600" ind1=" " ind2="4">
    <subfield code="9">75243</subfield>
    <subfield code="a">Hazim Azar, Don Jos&#xE9; A.</subfield>
    <subfield code="d">1913-1999</subfield>
    <subfield code="v">Biograf&#xED;as</subfield>
  </datafield>
  <datafield tag="630" ind1=" " ind2="4">
    <subfield code="9">51825</subfield>
    <subfield code="a">Biograf&#xED;as dominicanas</subfield>
  </datafield>
  <datafield tag="910" ind1=" " ind2=" ">
    <subfield code="a">MFeliz</subfield>
  </datafield>
  <datafield tag="942" ind1=" " ind2=" ">
    <subfield code="2">ddc</subfield>
    <subfield code="c">LBS1</subfield>
  </datafield>
  <datafield tag="952" ind1=" " ind2=" ">
    <subfield code="0">0</subfield>
    <subfield code="1">0</subfield>
    <subfield code="2">ddc</subfield>
    <subfield code="5">1</subfield>
    <subfield code="7">0</subfield>
    <subfield code="8">DS</subfield>
    <subfield code="a">BNPHU</subfield>
    <subfield code="b">PD</subfield>
    <subfield code="c">HD</subfield>
    <subfield code="d">2019-10-18</subfield>
    <subfield code="e">Donado por Editora B&#xFA;ho</subfield>
    <subfield code="l">0</subfield>
    <subfield code="o">C117J</subfield>
    <subfield code="p">2022-0399</subfield>
    <subfield code="r">2022-01-31</subfield>
    <subfield code="w">2022-01-31</subfield>
    <subfield code="y">LBS1</subfield>
  </datafield>
  <datafield tag="952" ind1=" " ind2=" ">
    <subfield code="0">0</subfield>
    <subfield code="1">0</subfield>
    <subfield code="2">ddc</subfield>
    <subfield code="5">1</subfield>
    <subfield code="7">0</subfield>
    <subfield code="8">DS</subfield>
    <subfield code="a">BNPHU</subfield>
    <subfield code="b">PD</subfield>
    <subfield code="c">HD</subfield>
    <subfield code="d">2019-10-18</subfield>
    <subfield code="e">Donado por Editora B&#xFA;ho</subfield>
    <subfield code="l">0</subfield>
    <subfield code="o">C117J</subfield>
    <subfield code="p">2022-0400</subfield>
    <subfield code="r">2022-01-31</subfield>
    <subfield code="t">e.2</subfield>
    <subfield code="w">2022-01-31</subfield>
    <subfield code="y">LBS1</subfield>
  </datafield>
  <datafield tag="952" ind1=" " ind2=" ">
    <subfield code="0">0</subfield>
    <subfield code="1">0</subfield>
    <subfield code="2">ddc</subfield>
    <subfield code="5">6</subfield>
    <subfield code="7">0</subfield>
    <subfield code="8">DS</subfield>
    <subfield code="a">BNPHU</subfield>
    <subfield code="b">DO</subfield>
    <subfield code="c">HD</subfield>
    <subfield code="d">2019-10-18</subfield>
    <subfield code="e">Donado por Editora B&#xFA;ho</subfield>
    <subfield code="l">0</subfield>
    <subfield code="o">C117J</subfield>
    <subfield code="p">2022-0401</subfield>
    <subfield code="r">2022-01-31</subfield>
    <subfield code="t">e.3</subfield>
    <subfield code="w">2022-01-31</subfield>
    <subfield code="y">LBS1</subfield>
  </datafield>
  <datafield tag="999" ind1=" " ind2=" ">
    <subfield code="c">51276</subfield>
    <subfield code="d">51276</subfield>
  </datafield>
</record>
